Employment of People with Disabilities in Tourism

Aktuálne problémy zamestnávania menšiny a znevýhodnených ľudí na trhu práce v dôsledku zdravotného postihnutia.

Gespeichert in:
Bibliographische Detailangaben
1. Verfasser: Šuterová, Viola, 1957-
Weitere Verfasser: Veszprémi Sirotková, Anna, 1966-
Format: Buchkapitel
Sprache:Englisch
Schlagworte:
Tags: Tag hinzufügen
Keine Tags, Fügen Sie das erste Tag hinzu!

MARC

LEADER 00000nla a2200000 4500
001 0240515
005 20240502073917.5
041 0 |a eng 
044 |a SK 
245 1 0 |a Employment of People with Disabilities in Tourism  |c Viola Šuterová, Anna Veszprémi Sirotková 
520 |a Aktuálne problémy zamestnávania menšiny a znevýhodnených ľudí na trhu práce v dôsledku zdravotného postihnutia. 
610 2 0 |a zamestnanie 
610 2 0 |a osoby so zníženou pracovnou schopnosťou 
610 2 0 |a osoby zdravotne postihnuté 
610 2 0 |a zamestnávatelia 
100 1 |a Šuterová, Viola, 1957- 
700 1 |a Veszprémi Sirotková, Anna, 1966-